[Event "Manikyanagar Chanchal Dad Memorial"]
[Site "Manikyanagar"]
[Date "2024.07.24"]
[Round "2"]
[White "Babel, T Divyanshu"]
[Black "Harshvardhan, Singh Parihar"]
[Result "1-0"]
[WhiteElo "1830"]
[BlackElo "1578"]
[PlyCount "111"]
[EventDate "2024.07.24"]
[EventType "swiss"]
[EventRounds "9"]
[EventCountry "IND"]
[SourceTitle "EXT 2025"]
[Source "ChessBase"]
[SourceDate "2024.10.14"]
[SourceVersion "1"]
[SourceVersionDate "2024.10.14"]
[SourceQuality "1"]

1. d4 d6 2. c4 g6 3. Nc3 Bg7 4. Nf3 Nf6 5. g3 0-0 6. Bg2 Nbd7 7. 0-0 e5 8. e3 exd4 9. exd4 c6 10. b3 d5 11. cxd5 Nxd5 12. Nxd5 cxd5 13. Re1 Nf6 14. Bg5 Bg4 15. h3 Be6 16. Qd2 Rc8 17. Qf4 Qc7 18. Rec1 Qxf4 19. Bxf4 Rfe8 20. Ng5 b6 21. Nxe6 fxe6 22. Be5 Kf7 23. Bf1 Bh6 24. f4 g5 25. Bb5 Rg8 26. Ba6 Rxc1+ 27. Rxc1 gxf4 28. Rc7+ Kg6 29. g4 Rg7 30. Rc6 Re7 31. Kg2 Ne4 32. h4 f3+ 33. Kxf3 Rf7+ 34. Ke2 Rf2+ 35. Kd1 Rd2+ 36. Ke1 Be3 37. Rxe6+ Kf7 38. Rc6 Bf2+ 39. Kf1 Rd1+ 40. Ke2 Re1+ 41. Kd3 Rd1+ 42. Ke2 Re1+ 43. Kd3 Rd1+ 44. Kc2 Rd2+ 45. Kb1 Bxh4 46. Rc7+ Kg8 47. Bb7 Nf2 48. Bxd5+ Kf8 49. Bd6+ Ke8 50. Bc6+ Kd8 51. Rxa7 Rd1+ 52. Kc2 Rc1+ 53. Kxc1 Nd3+ 54. Kd2 Bg5+ 55. Kxd3 Be7 56. Ra8# 1-0